Electronic circuits : analysis and design /

Bibliographic Details
Main Author: Neamen, Donald A.
Format: Book
Language:English
Published: New Delhi : Tata McGraw Hill Education, 2007 [9th & 15th reprinted 2010, 2015].
Edition:3rd edition
Subjects:
Classic Catalogue: View this record in Classic Catalogue
LEADER 01479nam a2200313 a 4500
001 29015
003 BD-DhAAL
005 20181209151605.0
008 150314r20102007ii a b 001 0 eng
999 |c 34011  |d 34011 
020 |a 9780070634336 
020 |a 0070634335 
040 |a DLC  |c DLC  |d DLC  |d BD-DhAAL 
050 0 0 |a TK7867  |b .N412 1996 
082 0 0 |a 621.3815  |2 20 
100 1 |a Neamen, Donald A.  |9 9542 
245 1 0 |a Electronic circuits :  |c Donald A. Neamen.  |b analysis and design / 
250 |a 3rd edition 
260 |a New Delhi :  |b Tata McGraw Hill Education,  |c 2007 [9th & 15th reprinted 2010, 2015]. 
300 |a xxi, 1351 pages :  |b illustrations ;  |c 26 cm. 
504 |a Includes index. 
541 |e 29015 
650 0 |a Electronic circuit design.  |9 9543 
650 0 |a Semiconductors  |x Design and construction.  |9 9544 
650 0 |a Electronic circuit design.  |9 9545 
942 |2 ddc  |c BK 
952 |0 0  |1 0  |2 ddc  |4 0  |6 621_381500000000000_NEA  |7 0  |9 53081  |a BRACUL  |b BRACUL  |c GEN  |d 2015-03-14  |e Modern Books  |g 1500.00  |l 14  |m 171  |o 621.3815 NEA  |p 3010029015  |r 2025-07-02  |s 2024-10-22  |t 1  |w 2015-03-14  |y BK 
952 |0 0  |1 0  |2 ddc  |4 0  |6 621_381500000000000_NEA  |7 0  |9 59566  |a BRACUL  |b BRACUL  |c GEN  |d 2016-08-23  |e Trim Education  |g 1130.00  |l 23  |m 207  |o 621.3815 NEA  |p 3010031240  |r 2025-06-24  |s 2025-02-18  |t 2  |w 2016-08-23  |y BK 
952 |0 0  |1 0  |2 ddc  |4 0  |6 621_381500000000000_NEA  |7 0  |9 59567  |a BRACUL  |b BRACUL  |c GEN  |d 2016-08-23  |e Trim Education  |g 1130.00  |l 20  |m 223  |o 621.3815 NEA  |p 3010031241  |r 2025-10-19  |s 2025-10-14  |t 3  |w 2016-08-23  |y BK